| 000 | 00634nam a2200229Ia 4500 | ||
|---|---|---|---|
| 008 | 160517s9999 xx 000 0 und d | ||
| 020 | _a0-7619-2710-7 | ||
| 050 | _aComSc ZA 4228 | ||
| 050 | _b.B47 2004 | ||
| 100 | _aBest, Samuel J. | ||
| 245 | _aInternet data collection / | ||
| 245 | _cSamuel J. Best. | ||
| 260 | _aLondon : | ||
| 260 | _bSage Pub., | ||
| 260 | _c2004 | ||
| 300 | _a91 pages : | ||
| 300 | _bill. ; | ||
| 300 | _c22 cm. | ||
| 440 | _aSage university papers series. Quantitative applications in the social sciences | ||
| 500 | _aIncludes bibliographical references. | ||
| 650 | _aInternet research. | ||
| 999 |
_c294107 _d294107 |
||